Farmland buying strategies

Bibliographic Details
Main Author: Oster, Mervill
Other Authors: Carlson, Jerry, Curry, Elizabeth
Format: Book
Published: New York, Chichester : John Wiley& Sons , 1984
Subjects:

MARC

LEADER 00000cam a2200000 7i4500
001 0000002129
005 20050505.0
040 |a INS 
090 0 0 |a HD1393.   |b O85 1984 
100 1 |a Oster, Mervill 
245 1 0 |a Farmland buying strategies   |c Mervill Oster 
260 |a New York, Chichester :   |b John Wiley& Sons ,   |c 1984 
300 |a 229p. ;   |c 24 cm. 
500 |a Includes index 
650 0 0 |a Farms   |x Purchasing 
700 1 |a Carlson, Jerry 
700 1 |a Curry, Elizabeth 
999 |a 0000000511   |b BOOK   |c Open Shelf   |e Default branch